header

The Politics of anthropology (Record no. 104071)

MARC details
000 -LEADER
fixed length control field 02058nam a2200397 a 4500
082 04 - DEWEY DECIMAL CLASSIFICATION NUMBER
Classification number 301.2
245 04 - TITLE STATEMENT
Title The Politics of anthropology
260 ## - PUBLICATION, DISTRIBUTION, ETC. (IMPRINT)
Place of publication The Hague :
Name of publisher Mouton,
Year of publication c1979.
300 ## - PHYSICAL DESCRIPTION
Number of Pages xii, 520 p.
500 ## - GENERAL NOTE
General note Papers prepared for the 9th. International Congress of Anthropological and Ethnological Sciences, Chicago, 1973.
505 0# - FORMATTED CONTENTS NOTE
Formatted contents note section 1. Introduction -- section 2. Colonialism in anthropology -- section 3. Sexism in anthropology -- section 4. "Ethical question" on "political chicle"? -- section 5. From "academic colonialism" to "committed anthropology" -- section 6. Dilemmas of action research and commitment -- section 7. Toward a view from below and from within -- section 8. Attempts at liberation anthropology.
650 #0 - SUBJECT ADDED ENTRY--TOPICAL TERM
Topical Term Anthropology
Topical Term Anthropology
Topical Term Applied anthropology
700 1# - ADDED ENTRY--PERSONAL NAME
Personal name Huizer, Gerrit.
Personal name Mannheim, Bruce.
856 40 - ELECTRONIC LOCATION AND ACCESS
Uniform Resource Identifier http://site.ebrary.com/lib/rucke/Doc?id=10588454

No items available.

© 2026 Rongo University
Contact us: librarian | system librarian | Rongo university